Industry income and investment : The common sense of economics

Wedi'i Gadw mewn:
Manylion Llyfryddiaeth
Prif Awdur: Benemy, F. W. G.
Fformat: Llyfr
Iaith:Undetermined
Cyhoeddwyd: London George G. Harrap & Co. 1962
Pynciau:
Tagiau: Ychwanegu Tag
Dim Tagiau, Byddwch y cyntaf i dagio'r cofnod hwn!
Thư viện lưu trữ: Trung tâm Học liệu Trường Đại học Cần Thơ
LEADER 00570nam a2200205Ia 4500
001 CTU_79515
008 210402s9999 xx 000 0 und d
082 |a 330 
082 |b B465 
100 |a Benemy, F. W. G. 
245 0 |a Industry income and investment : 
245 4 |b The common sense of economics 
245 0 |c F. W. G. Benemy 
260 |a London 
260 |b George G. Harrap & Co. 
260 |c 1962 
650 |a Economics,Great Britain 
650 |x Economic conditions 
650 |y 1945-1964 
980 |a Trung tâm Học liệu Trường Đại học Cần Thơ